1209 1244 1004 1884 1809 1373 1437 1646 1810 1428 1978 1814 1565 1610 1200 1840 1684 1296 1037 1279 1809 1607 1117 1712 1039 1314 1336 1393 1719 1991 1226 1329 1914 1598 1805 1797 1530 1859 1657 1575 1710 1714 1015 1948 1110 1653 1768 1246 1607 1633 1722 1025 1833 1899 1455 1186 1363 1211 1006 1113 1096 1453 1749 1545 1544 1768 1607 1517 1678 1931 1891 1298 1016 1633 1668 1139 1513 1628 1292 1617 1351 1101 1178 1399 1034 1989 1446 1178 1796 1486 1557 1228 1218 1331 1029 1345 1332 1340 1064 BCNSPRNW ULIB Ver.6.0+V

เปลี่ยนเป็นภาษาไทย

Change to English
 แสดงรายละเอียดบรรณานุกรม
  กลับหน้าหลัก

Brief Record : Get Marc (ISO 2709) : E-mail record : QR code < ปิดหน้าต่าง
LEADER : 00000nam 2200000uu 4500
001    13399114193
003     ULIB
008    120301s2554||||th 000 0 tha d
020    ^a9786167375663
060 04 ^aWB115^bก491 2554
245 00 ^aการปรึกษาปัญหาผู้ป่วยอายุรกรรมที่พบบ่อย =^bConsultative
246 31 ^aConsultative internal medicine 2011
250    ^aพิมพ์ครั้งที่ 1
260    ^aสงขลา :^bชานเมืองการพิมพ์,^c26 ซม.
300    ^a(12), 212 หน้า :^bภาพประกอบ ;^c26 ซม.
504    ^aมีบรรณานุกรมและดัชนี
650  4 ^aการรักษาโรค^xรวมเรื่อง
650  4 ^aผู้ป่วย^xการให้คำปรึกษา
650  4 ^aอายุรศาสตร์^xรวมเรื่อง
700 0  ^aบดินทร์ ขวัญนิมิตร^eบรรณาธิการ
945    ^p400^l0^i18826
945    ^p400^l0^i18827
995    ^aัณชพร
999 ^a ใช้งานได้ทุกระบบ
รายการนี้ยังไม่มีแท็ก
คุณยังไม่ได้ล็อกอิน คุณสามารถมีกิจกรรมร่วมกับเว็บไซต์ได้ แต่ต้องล็อกอินก่อน ::
  ล็อกอิน

รายการสื่อสารสนเทศ

ลำดับที่ ประเภท เลขเรียก/บาร์โค้ด สถานที่ สถานะ
1. วิทยาศาสตร์การแพทย์ และสุขภาพ
วิทยาศาสตร์การแพทย์ และสุขภาพ
สถานะ=หนังสือเก่า
WB115 ก491 2554  
  Barcode: 18826
ห้องสมุดวิทยาเขตนครสวรรค์
►ส่วนจัดเก็บหนังสือเก่า นว.
บนชั้น
  ขอยืม
2. วิทยาศาสตร์การแพทย์ และสุขภาพ
วิทยาศาสตร์การแพทย์ และสุขภาพ
สถานะ=หนังสือเก่า
WB115 ก491 2554 ฉ.2 
  Barcode: 18827
ห้องสมุดวิทยาเขตนครสวรรค์
►ส่วนจัดเก็บหนังสือเก่า นว.
บนชั้น
  ขอยืม

BibComment


ยังไม่เคยถูกคอมเมนท์

คอมเมนท์ทรัพยากรรายการนี้
  คอมเมนท์: การปรึกษาปัญหาผู..


 Copyright 2026. Bcnsprnw @Library